Readings in social psychology. (Record no. 3179)
[ view plain ]
| 000 -LEADER | |
|---|---|
| fixed length control field | 00890cam a22002771 4500 |
| 001 - CONTROL NUMBER | |
| control field | 4656166 |
| 003 - CONTROL NUMBER IDENTIFIER | |
| control field | OSt |
| 005 - DATE AND TIME OF LATEST TRANSACTION | |
| control field | 20170105101210.0 |
| 008 - FIXED-LENGTH DATA ELEMENTS--GENERAL INFORMATION | |
| fixed length control field | 730327s1958 nyua 000 0 eng |
| 010 ## - LIBRARY OF CONGRESS CONTROL NUMBER | |
| LC control number | 58006333 |
| 035 ## - SYSTEM CONTROL NUMBER | |
| System control number | (OCoLC)ocm00255440 |
| 035 ## - SYSTEM CONTROL NUMBER | |
| System control number | (NNC)4656166 |
| 040 ## - CATALOGING SOURCE | |
| Original cataloging agency | DLC |
| Transcribing agency | DLC |
| Modifying agency | CHS |
| 050 00 - LIBRARY OF CONGRESS CALL NUMBER | |
| Classification number | HM251 |
| Item number | .S685 1958 |
| 098 ## - OTHER CLASSIFICATION SCHEMES (OCLC) | |
| Call number based on other classification scheme | PU23 |
| 110 2# - MAIN ENTRY--CORPORATE NAME | |
| Corporate name or jurisdiction name as entry element | Society for the Psychological Study of Social Issues. |
| 245 10 - TITLE STATEMENT | |
| Title | Readings in social psychology. |
| 250 ## - EDITION STATEMENT | |
| Edition statement | 3d ed. |
| Remainder of edition statement | Editorial committee: Eleanor E. Maccoby, Theodore M. Newcomb [and] Eugene L. Hartley. Prepared for the Committee on the Teaching of Social Psychology. |
| 260 ## - PUBLICATION, DISTRIBUTION, ETC. | |
| Place of publication, distribution, etc. | New York, |
| Name of publisher, distributor, etc. | Holt, |
| Date of publication, distribution, etc. | 1958. |
| 300 ## - PHYSICAL DESCRIPTION | |
| Extent | 674 p. |
| Other physical details | illus. |
| Dimensions | 24 cm. |
| 650 #0 - SUBJECT ADDED ENTRY--TOPICAL TERM | |
| Topical term or geographic name entry element | Social psychology. |
| 650 #2 - SUBJECT ADDED ENTRY--TOPICAL TERM | |
| Topical term or geographic name entry element | Psychology, Social. |
| 700 1# - ADDED ENTRY--PERSONAL NAME | |
| Personal name | Maccoby, Eleanor E., |
| Dates associated with a name | 1917-, |
| Relator term | editor. |
| 942 ## - ADDED ENTRY ELEMENTS (KOHA) | |
| Source of classification or shelving scheme | |
| Koha item type | Book |
| Withdrawn status | Lost status | Source of classification or shelving scheme | Damaged status | Not for loan | Collection code | Permanent Location | Current Location | Shelving location | Date acquired | Total Checkouts | Full call number | Barcode | Date last seen | Price effective from | Koha item type |
|---|---|---|---|---|---|---|---|---|---|---|---|---|---|---|---|
| Central Library (CL) | Central Library (CL) | General Stacks | 05/19/2016 | 301.15082 MAC | S3H-D-127 | 05/19/2016 | 05/19/2016 | Book |
